श्रीमद्भगवद्गीता (पुरुषार्थ बोधिनी टिका) (Record no. 325577)

MARC details
000 -LEADER
fixed length control field 00788nam a2200169Ia 4500
008 - FIXED-LENGTH DATA ELEMENTS--GENERAL INFORMATION
fixed length control field 090711s9999 xx 000 0 und d
082 ## - DEWEY DECIMAL CLASSIFICATION NUMBER
Item number 47393
100 ## - MAIN ENTRY--PERSONAL NAME
Personal name सातवळेकर श्रीपाद दा.
245 ## - TITLE STATEMENT
Title श्रीमद्भगवद्गीता (पुरुषार्थ बोधिनी टिका)
260 ## - PUBLICATION, DISTRIBUTION, ETC. (IMPRINT)
Date of publication, distribution, etc 1976
300 ## - PHYSICAL DESCRIPTION
Extent 946
600 ## - SUBJECT ADDED ENTRY--PERSONAL NAME
Personal name सातवळेकर श्रीपाद दा.
630 ## - SUBJECT ADDED ENTRY--UNIFORM TITLE
Uniform title श्रीमद्भगवद्गीता (पुरुषार्थ बोधिनी टिका)
700 ## - ADDED ENTRY--PERSONAL NAME
Personal name सातवळेकर श्रीपाद दा.
730 ## - ADDED ENTRY--UNIFORM TITLE
Uniform title श्रीमद्भगवद्गीता (पुरुषार्थ बोधिनी टिका)
942 ## - ADDED ENTRY ELEMENTS (KOHA)
Koha item type Book
Holdings
Withdrawn status Lost status Damaged status Not for loan Home library Current library Date acquired Cost, normal purchase price Total Checkouts Full call number Barcode Date last seen Cost, replacement price Price effective from Koha item type
        Dadar Sarvajanik Vachanalaya, Dardar Dadar Sarvajanik Vachanalaya, Dardar 07/11/2009 70.00   47393 DASAVA-47393 07/11/2009 70.00 07/11/2009 Book